Largest Political Parties In the World - Statistics

General Stats
  • This quiz has been taken 27 times
    18 since last reset
  • The average score is 25 of 71
Answer Stats
Membership Ideology Country Party % Correct
100,271,000 Communism China Chinese Communist Party
100%
44,100,000 Liberalism United States Democratic Party
100%
5,129,314 Liberalism South Korea Democratic Party of Korea
100%
37,400,000 Conservatism United States Republican Party
100%
500,000 Communism Cuba Communist Party of Cuba
88%
650,000 Communism India Communist Party of India
88%
1,019,009 Marxism-Leninism India Communist Party of India (Marxist)
88%
650,000 Communism Nepal Communist Party of Nepal (UML)
88%
5,600,000 Communism Vietnam Communist Party of Vietnam
88%
678,708 Conservatism Canada Conservative Party of Canada
71%
904,282 Bolsonarism Brazil Liberal Party
71%
170,000,000 Conservatism India Bharatiya Janata Party
65%
1,305,253 Third Way Brazil Brazilian Social Democracy Party
65%
530,000 Social Democracy Romania Social Democratic Party
65%
26,000,000 Liberalism India Indian National Congress
59%
693,634 Libertarianism United States Libertarian Party
59%
870,106 Social Democracy Nepal Nepali Congress
53%
806,000 Conservatism Spain People's Party
53%
1,653,361 Social Democracy Brazil Workers' Party
53%
6,500,000 Juche North Korea Workers' Party of Korea
53%
10,878,733 National Conservatism Türkiye Justice and Development Party
47%
11,050,758 Progressivism Mexico Morena
41%
567,415 Pancasila Indonesia National Mandate Party
41%
1,922,757 Social Democracy Türkiye Republican People's Party
41%
2,600,000 Authoritarian Conservatism Russia United Russia
41%
661,489 Social Democracy South Africa African National Congress
35%
1,411,889 (Big Tent) Mexico Institutional Revolutionary Party
35%
10,050,000 Welfarism India Aam Aadmi Party
29%
600,000 Christian Democracy Austria Austrian People's Party
29%
10,000,000 (Big Tent) Pakistan Pakistan Tehreek-e-Insaf
29%
1,293,592 Right-Liberalism Brazil Progressistas
29%
700,000 Liberal Populism Serbia Serbian Progressive Party
29%
4,240,032 Socialism Venezuela United Socialist Party of Venezuela
29%
3,900,000 African Nationalism Zimbabwe ZANU-PF
29%
800,000 Social Conservatism Kazakhstan Amanat
24%
12,000,000 Social Democracy Tanzania Chama Cha Mapinduzi
24%
1,334,065 National Conservatism Brazil Democratic Renewal Party
24%
3,102,341 Peronism Argentina Justicialist Party
24%
540,000 Democratic Socialism France La France Insoumise
24%
1,028,662 National Conservatism Japan Liberal Democratic Party
24%
3,000,000 Social Democracy Angola MPLA
24%
1,000,000 Social Nationalism Algeria National Liberation Front
24%
4,449,281 Authoritarian Conservatism South Korea People Power Party
24%
20,044,400 Populism India All India Anna Dravida Munnetra Kazhagam
18%
1,548,023 Progressive Liberalism Paraguay Authentic Radical Liberal Party
18%
7,100,000 Nationalism Cambodia Cambodian People's Party
18%
2,616,424 Conservatism Paraguay Colorado Party
18%
1,085,843 Communism South Africa Economic Freedom Fighters
18%
832,842 Pancasila Indonesia Golkar
18%
507,633 Populism El Salvdor Nuevas Ideas
18%
999,249 Social Democracy Mexico Party of the Democratic Revolution
18%
11,000,000 Economic Liberalism Ethiopia Prosperity Party
18%
1,816,169 Radical Liberalism Argentina Radical Civic Union
18%
15,000,000 Egalitarianism India Tamilaga Vettri Kazhagam
18%
1,806,172 Liberalism Brazil Always Forward
12%
648,012 Social Democracy Brazil Brazilian Socialist Party
12%
1,085,680 Liberal Conservatism Brazil Brazil Union
12%
1,106,481 Social Democracy Brazil Democratic Labour Party
12%
500,000 Royalism Cambodia FUNCINPEC
12%
1,005,700 Islamism Malaysia Malaysian Islamic Party
12%
700,000 Ketuanan Melayu Malaysia Malaysian United Indigenous Party
12%
773,770 Statist Conservatism Azerbaijan New Azerbaijan Party
12%
1,500,000 Federalism Philippines Partido Federal ng Pilipinas
12%
520,000 Social Democracy Uzbekistan People's Democratic Party of Uzbekistan
12%
1,153,212 Reformasi Malaysia People's Justice Party
12%
3,525,000 Nationalism Malaysia UMNO
12%
592,417 Green Politics Mexico Ecologist Green Party of Mexico
6%
1,070,000 Conservatism India All India Majlis-e-Ittehadul Muslimeen
0%
2,402,060 Lulism Brazil Brazil of Hope
0%
622,847 Millî Görüş Türkiye New Welfare Party
0%
580,000 Regionalism Malaysia United Sabah Party
0%
No matching quizzes found
Score Distribution
Percent of People with Each Score
Percentile by Number Answered
Your Score History
You have not taken this quiz since the last reset